|
|
|
|
| LEADER |
01372nam a22003252a 4500 |
| 001 |
000339207 |
| 003 |
CZ BrMZK |
| 005 |
20100128144112.0 |
| 007 |
ta |
| 008 |
010907s1969 xr f cze d |
| 015 |
|
|
|a cnb000132240
|
| 035 |
|
|
|a (OCoLC)42090246
|
| 040 |
|
|
|a BOA001
|b cze
|c BOA002
|
| 041 |
0 |
|
|a cze
|a eng
|
| 100 |
1 |
|
|a Dušková, Libuše,
|d 1930-
|7 jk01023436
|4 aut
|
| 245 |
1 |
0 |
|a Stručná mluvnice angličtiny /
|c zpracovali Libuše Dušková, Libuše Bubeníková, Jan Caha
|
| 250 |
|
|
|a 3., nezm. vyd.
|
| 260 |
|
|
|a Praha :
|b Academia,
|c 1969
|
| 300 |
|
|
|a 301 s.
|
| 500 |
|
|
|a Dostupné též v digitální podobě v aplikaci Kramerius
|
| 700 |
1 |
|
|a Caha, Jan,
|d 1910-1981
|7 jk01020521
|4 aut
|
| 700 |
1 |
|
|a Bubeníková, Libuše,
|d 1920-1994
|7 jk01020090
|4 aut
|
| 856 |
4 |
1 |
|u http://www.digitalniknihovna.cz/mzk/uuid/uuid:bce22d50-f182-11e5-8d5f-005056827e51
|y Digitalizovaný dokument
|x NDK
|
| 910 |
|
|
|a BOA001
|b PK-A-0006.320-69
|b 1-0426.888-69
|
| 920 |
|
|
|a 000230199
|
| 964 |
|
|
|a Angličtina - mluvnice - přehledy
|
| 990 |
|
|
|a BK
|
| 996 |
7 |
|
|b 2619772959
|c 1-0426.888-69
|l MZK
|r Sklad / do 1 hodiny
|n 0
|w 000339207
|u 000040
|a 1
|e BOA001
|j MZK50
|s A
|
| 996 |
7 |
|
|b 3119804168
|c PK-A-0006.320-69
|l MZK
|r Sklad / do 1 hodiny
|n 0
|w 000339207
|u 000010
|a 1
|e BOA001
|j MZK50
|s A
|
| 996 |
7 |
|
|b 3119804169
|c PK-A-0006.320-69
|l MZK
|r Sklad / do 1 hodiny
|n 0
|w 000339207
|u 000020
|a 1
|e BOA001
|j MZK50
|s A
|